02159cam a2200385 a 450000100100000000500170001000800410002702000150006804000350008308200170011824501260013526000460026130000280030749000310033550400420036650509200040865000240132865000260135270000350137870000330141370000270144670000180147370000190149170000200151070000340153070000200156470000150158470000200159970000340161970000230165370000220167670000180169871000260171683000310174200000752620240625135917.0970730s1996 ve a b 001 0 spa d a9803450743 aDO-SdBNPbspacNOCdDLCdBNPHU aV864.44bE5903aEl ensayo literario en Los Teques /cDaniuska González González ... [et al.] ; compilación y notas, Emilcen Rivero. aVenezuela :bAteneo de Los Teques,c1996. a149 p. :bil. ;c22 cm.1 aAteneo de Los Teques ;v27 aIncluye referencias bibliográficas.0 aHector Enrique Díaz: el poeta vidente / Daniuska González -- Una antropología de lo cotidiano / Juan Carlos Santaella -- El hedonismo interior: en torno a El libro del desasosiego de Fernando Pessoa / Pedro Alzuru -- George Orwell: los secretos de una vida para el arte y la política / Rafael Romero -- Nietzsche y la tragedia griega / Emilcen Rivero -- La cultura y el arte en América Latina / Miguel Angel Pérez López -- Camus: la plenitud de Sísifo / César Gedler -- Rubenángel Hurtado: el poeta de Los Teques / Luis Abad C. -- Enforce gramsciano: la cultura, los intelectuales y el Estado / Carlos Mezones -- De cuando vivian los pájaros y otros poemas / Armando Hernández Quintero -- Arturo Uslar Pietri: novela e historia / Rosalina García -- La literatura: cómplice de la vida / Carmen Mannarino -- Disentir en la novela: cuatro novelistas venezolanos (1931-1940) / Yolanda Osuna. 4aEnsayos venezolanos 4aLiteratura venezolana1 aRivero, Emilcen,ecomp.d1954-1 aGonzález, Daniuska,d1967-1 aSantaella, Juan Carlos1 aAlzuru, Pedro1 aRomero, Rafael1 aRivero, Emilcen1 aPérez López, Miguel Angel1 aGedler, César1 aAbad, Luis1 aMezones, Carlos1 aHernández Quintero, Armando1 aGarcía, Rosalina1 aMannarino, Carmen1 aOzuna Yolanda2 aAteneo de Los Teques. 0aAteneo de Los Teques ;v27